Všeobecná ekonomická charakteristika Brazílie
Základné údaje a hospodárska charakteristika Brazílie. Ekonomická charakteristika, reforma brazílskeho hospodárstva - real plan. Spoločný južný trh - MERCOSUR (Brazília, Argentína, Paraguaj, Uruguaj). Integrácia Brazílie v rámci Amerického kontinentu.
Salvato in:
| Autore principale: | |
|---|---|
| Natura: | Capitolo di libro |
| Lingua: | slovacco |
| Soggetti: | |
| Tags: |
Nessun Tag, puoi essere il primo ad aggiungerne!!
|
MARC
| LEADER | 00000naa$a2200000$$$4500 | ||
|---|---|---|---|
| 001 | 0036849 | ||
| 005 | 20221207104702.8 | ||
| 041 | 0 | |a slo | |
| 044 | |a SK | ||
| 245 | 1 | 0 | |a Všeobecná ekonomická charakteristika Brazílie |c Dana Zelníková |
| 520 | |a Základné údaje a hospodárska charakteristika Brazílie. Ekonomická charakteristika, reforma brazílskeho hospodárstva - real plan. Spoločný južný trh - MERCOSUR (Brazília, Argentína, Paraguaj, Uruguaj). Integrácia Brazílie v rámci Amerického kontinentu. | ||
| 610 | 2 | 0 | |a Brazília |
| 610 | 2 | 0 | |a hospodárstvo národné |
| 610 | 2 | 0 | |a situácia hospodárska |
| 610 | 2 | 0 | |a reformy hospodárske |
| 610 | 2 | 0 | |a spolupráca hospodárska medzinárodná |
| 610 | 2 | 0 | |a integrácia |
| 100 | 1 | |a Zelníková, Dana | |